000 00829nam a22002057a 4500
999 _c2513
_d2513
003 AR-CdUCM
008 190304b ||||| |||| 00| 0 esp d
020 _aISBN
040 _aMUNICIPALIDAD PROVINCIAL DEL CUSCO
_cBIBLIOTECA MUNICIPAL DEL CUSCO
082 _a874.3 /
_bAU88
245 _aAula Vallejo /
260 _aCórdoba ;
_bUniversidad nacional de Córdoba (Argentina), Facultad de Filosofia y Humanidades,
_c1961.
300 _a143 paginas ;
_c19 cm.
505 _aTextos de César Vallejo sobre estética, literatura y arte -- Elogio fúnebre, de Pablo Neruda -- Concurso literario ...
650 _aObra y personalidad del Poeta Cesar Vallejo
_98927
650 _aTextos de expositores
_98928
650 _aIntervención de las delegaciones universitarias
_98929
942 _2ddc
_cLIBROS
945 _aacrt
_d2019-03-04